Análisis numérico
Gorde:
| Egile nagusia: | |
|---|---|
| Formatua: | Liburua |
| Hizkuntza: | gaztelania |
| Argitaratua: |
Santiago
J. C. Sáez
2011
|
| Edizioa: | 1a. ed |
| Saila: | Herramientas para la Formación de Profesores de Matemáticas, 6
|
| Gaiak: | |
| Etiketak: |
Etiketa erantsi
Etiketarik gabe, Izan zaitez lehena erregistro honi etiketa jartzen!
|
MARC
| LEADER | 00000cam a2200000 a 4500 | ||
|---|---|---|---|
| 001 | UCG7550 | ||
| 003 | CL-VaPUC | ||
| 008 | 110812e20110000CL |||||||||||||||||spa|d | ||
| 020 | |a 9789563060720 | ||
| 082 | 0 | 4 | |a 519.4 |b OSS |2 21 |
| 100 | |a Osses A., Axel |e autor |9 558121 | ||
| 245 | 1 | 0 | |a Análisis numérico |
| 250 | |a 1a. ed | ||
| 300 | |a 168 p | ||
| 942 | |c BK | ||
| 945 | |d 20110812 00:00:00 |a dcastane | ||
| 260 | |a Santiago |b J. C. Sáez |c 2011 | ||
| 650 | 0 | |a Análisis numérico |9 259387 | |
| 650 | 0 | |a Aritmética |9 270049 | |
| 650 | 0 | |a Ecuaciones |9 260137 | |
| 650 | 0 | |a Álgebra |9 259567 | |
| 650 | 0 | |a Álgebra lineal |9 260445 | |
| 650 | 7 | |a FUNCIONES DERIVADAS |2 CL-VaPUC |9 537781 | |
| 650 | 0 | |a Problemas, ejercicios, etc |9 259377 | |
| 583 | |a last modification |c 20121108 09:49:06 |k Rodrigo Vera | ||
| 490 | 0 | |a Herramientas para la Formación de Profesores de Matemáticas, 6 | |
| 999 | |c 345416 |d 345414 | ||
| 952 | |0 0 |1 0 |4 0 |6 519_400000000000000_OSS_2011 |7 0 |8 A |9 444125 |a BIBMAT |b BIBMAT |c E_DIDACT |d 2019-11-22 |i 4788818 |o 519.4 OSS 2011 |p 4788818 |r 2025-01-07 |w 2019-11-22 |y BK |k MAT | ||
| 952 | |0 0 |1 0 |4 0 |6 519_400000000000000_OSS_2011 |7 0 |8 A |9 444126 |a BIBMAT |b BIBMAT |c E_DIDACT |d 2019-11-22 |i 492262K |o 519.4 OSS 2011 |p 492262K |r 2025-01-07 |w 2019-11-22 |y BK |k MAT | ||
| 952 | |0 0 |1 0 |4 0 |6 519_400000000000000_OSS_2011 |7 0 |8 A |9 444127 |a BIBMAT |b BIBMAT |c E_DIDACT |d 2019-11-22 |i 4922638 |o 519.4 OSS 2011 |p 4922638 |r 2025-01-07 |w 2019-11-22 |y BK |k MAT | ||